Shakespiere´s Dog

Bewaard in:
Bibliografische gegevens
Hoofdauteur: Rooke, Leon
Formaat: Boek
Taal:Undetermined
Gepubliceerd in: Toronto, Canadá Stoddart 1983
Onderwerpen:
Tags: Voeg label toe
Geen labels, Wees de eerste die dit record labelt!

MARC

LEADER 00000nam a2200000Ia 4500
008 170316s9999 xx 000 0 und d
090 |a 818 R-8s 
100 |a Rooke, Leon 
245 |a Shakespiere´s Dog 
260 |a Toronto, Canadá 
260 |b Stoddart 
260 |c 1983 
300 |a 157 páginas 
650 |a LITERATURA CANADIENSE 
999 |c 22039  |d 22039 
040 |a cru BVZT 
942 |c 15 D  |h 818 R-8s  |2 z